00832 2200301 4500001002100000005001500021035002000036007000300056008004100059020001800100082001000118084001400128100002200142245011000164260003200274300003700306650001400343700002000357700003100377700001700408700001800425700001300443520002600456520001100482520001300493990001200506990001200518INLIS00000000000173320180315090550 a0010-0318000076ta180315 g 0 ind  a9789790256781 a519.5 a519.5 STA0 aSTATISTIKA, Dasar1 aStatistika Dasar /cAsep Saefuddin, Khairil Anwar Notodiputro, Aam Alamudi, Kusman Sadik; editor, BM Adam aJakarta :bGrasindo,c[s.a] axii, 163 hlm. :bilus. ;c23 cm. aSTATISTIK0 aASEP, Saefuddin0 aKHAIRIL, Anwar Notodiputro0 aAAM, Alamudi0 aKUSMAN, Sadik0 aADAM, BM abibilografi: hlm. 147 aindeks alampiran a16428 a a16428 b